| 000 | 00509cam a2200181 a 4500 | ||
|---|---|---|---|
| 020 | _a2738410162 | ||
| 040 | _cSzGBNU | ||
| 041 | 1 | _heng | |
| 082 | _a630 PAN 1991 A046 Or. | ||
| 100 | 1 | _aKerkhof, Paul. | |
| 245 | 1 | 0 | _aAgroforesterie en Afrique / |
| 260 |
_aParis : _bPanos : _bL'Harmattan, _c1991. |
||
| 300 |
_a253 p. : _bill. ; _c25 cm. |
||
| 500 | _aTranslation of: Agroforestry in Africa. | ||
| 500 | _aIncludes bibliographical references and index. | ||
| 650 | 0 | _aAgroforestry projects | |
| 942 | _cFB | ||
| 999 |
_c13582 _d13582 |
||